Ekstraklasa 26 sezon Polska Liga DLS - Statystyki

Ogólne statystyki
  • Ten quiz został rozwiązany 26 razy
  • Średni wynik to 7 z 16
Statystyki odpowiedzi
Nr. Drużyny % Poprawnych
15. Legia Warszawa
100%
7. Raków Częstochowa
61%
3. KSG Górnik Zabrze
50%
12. FKS Stal Mielec
44%
1. Błyskawica Kończyce Wielkie
33%
4. CHG
33%
13. FC Wiśnia
33%
16. Legia II Warszawa
33%
11. Legia Kamieniec
33%
9. LKS Olszynka
33%
8. LZS Bizon Wilkowo
33%
10. Orlicz Suchedniów
33%
14. Ostrovia Ostrów Mazowiecki
33%
5. Rataj Team
33%
6. Soplicowo
33%
2. Tonianka Kraków
33%
Nie znaleziono quizów pasujących do podanych kryteriów
Rozkład punktacji
Procent ludzi z każdym wynikiem
Percentyl według liczby udzielonych odpowiedzi
Twoja historia wyników
Nie rozwiązałeś tego quizu